| 000 | 00452nam a2200145 a 4500 | ||
|---|---|---|---|
| 001 | 000031952 | ||
| 005 | 20200930063316.0 | ||
| 008 | 110707s1926 dr ac 000 p spa d | ||
| 040 |
_aDO-SdBNP _bspa _cBNPHU |
||
| 082 |
_axxxx _bxxxx |
||
| 100 | 1 |
_aMaggiolo Núñez, Julio César _958118 |
|
| 245 | 1 | 0 |
_aCamelias y rosas : _bpoesías / _cJulio César Maggiolo Núñez. |
| 260 |
_aSanto Domingo : _bs. n., _c1926. |
||
| 300 |
_a[50] p. : _bil., retrs. ; _c20 cm. |
||
| 999 |
_c31443 _d31443 |
||